生活中的僞科學 : (Record no. 7665)

MARC details
000 -LEADER
fixed length control field 01018cam a2200301 ib4500
001 - CONTROL NUMBER
control field 1140813
003 - CONTROL NUMBER IDENTIFIER
control field YEEZEN
005 - DATE AND TIME OF LATEST TRANSACTION
control field 20250724152306.0
008 - FIXED-LENGTH DATA ELEMENTS--GENERAL INFORMATION
fixed length control field 241113s2024 ch e 000 0 chi d
020 ## - INTERNATIONAL STANDARD BOOK NUMBER
International Standard Book Number 9786269879809
Qualifying information (平裝) :
Terms of availability NT$420
040 ## - CATALOGING SOURCE
Original cataloging agency PTTCL
Language of cataloging chi
Transcribing agency PTTCL
Description conventions CCR
042 ## - AUTHENTICATION CODE
Authentication code nbic
084 ## - OTHER CLASSIFICATION NUMBER
Classification number 429
Number source ncsclt
090 ## - LOCALLY ASSIGNED LC-TYPE CALL NUMBER (OCLC); LOCAL CALL NUMBER (RLIN)
Classification number (OCLC) (R) ; Classification number, CALL (RLIN) (NR) 429
100 1# - MAIN ENTRY--PERSONAL NAME
Personal name 林慶順
245 10 - TITLE STATEMENT
Title 生活中的僞科學 :
Remainder of title 頂尖醫學期刊評審以科學證據破解智商稅產品和危言聳聽的健康資訊 = Stupid tax & health rumors /
Statement of responsibility, etc. 林慶順著
246 1# - VARYING FORM OF TITLE
Title proper/short title 頂尖醫學期刊評審以科學證據破解智商稅產品和危言聳聽的健康資訊
246 31 - VARYING FORM OF TITLE
Title proper/short title Stupid tax & health rumors.
250 ## - EDITION STATEMENT
Edition statement 初版
260 ## - PUBLICATION, DISTRIBUTION, ETC.
Place of publication, distribution, etc. 臺北市 :
Name of publisher, distributor, etc. 一心文化,
Date of publication, distribution, etc. 2024.08
300 ## - PHYSICAL DESCRIPTION
Extent 315 面 ;
Dimensions 23 公分
490 0# - SERIES STATEMENT
Series statement Science ;
Volume/sequential designation 008.
490 0# - SERIES STATEMENT
Series statement 餐桌上的偽科學系列 ;
Volume/sequential designation 6.
500 ## - GENERAL NOTE
General note 附錄 : 資料來源
650 #7 - SUBJECT ADDED ENTRY--TOPICAL TERM
Topical term or geographic name entry element 家庭醫學
Source of heading or term lcstt.
650 #7 - SUBJECT ADDED ENTRY--TOPICAL TERM
Topical term or geographic name entry element 保健常識
Source of heading or term lcstt.
942 ## - ADDED ENTRY ELEMENTS (KOHA)
Source of classification or shelving scheme 中文圖書分類法
Koha item type 一般圖書
Holdings
撤銷狀態 遺失狀態 分類號來源 損壞狀態 不外借 永久館藏地 現在館藏地 書架位置 採購日期 全部借出 完整索書號 條碼號 最後一次日期記錄 Date last checked out 一般價格有效日期 Koha館藏類型 公開資訊
未註銷館藏 未遺失 中文圖書分類法 未損毀 可外借 怡仁綜合醫院圖書館 怡仁綜合醫院圖書館   2025-07-24 2 429 C03251 2025-09-23 2025-09-08 2025-07-24 一般圖書 研究指出、專家表示、最新科技、知名網紅、社群瘋傳⋯⋯99%都是騙局! 層出不窮的神奇能量產品、熱門減肥生髮安眠藥物、保健食品與膳食補充劑、流行飲食法與新興療法,到底哪些是可以相信的真科學,哪些又是讓人白花冤枉錢的智商稅產品?許多「名人」和「專家」假借科學概念,發表極端言論及恐怖行銷,其中不乏作家、藥師、營養師、醫生或教授。
怡仁醫院| 地址:32643桃園市楊梅區楊新北路321巷30號 | 服務專線:03-4855566 | 電子郵件信箱:
Copyright © 1996 CHC Hospital